| 000 | 00335nam a2200097Ia 4500 | ||
|---|---|---|---|
| 082 | _a364.968|RICH | ||
| 245 | 0 | _aBullets or ballots? : the ultimate solution to crime and unemployment in South Africa | |
| 100 |
_a Richards, Ruben Houghton [South Africa], 2010 _967068 |
||
| 942 | _cBK | ||
| 008 | 210817s9999 xx 000 0 und d | ||
| 999 |
_c215709 _d215701 |
||